Open Data Biblioteca Nacional de Portugal


República Portuguesa: Ministério da Cultura
Biblioteca Nacional de Portugal

Catálogo da BNP: acesso por Identificadores Unívocos
Registos Bibliográficos associados ao registo de autoridade

Etiqueta de registo: 00000nam 2200025 450
001 2286633
003 http://id.bnportugal.gov.pt/bib/catbnp/2286633
021 ## $aPT$b556486/25
100 ## $a20260521d2025 m y0pory01030103ba
101 0# $aeng
102 ## $aPT
105 ## $ay z 000yy
106 ## $ar
200 1# $a The Horta-Osório Collection of Antique Chess Sets.$hVol. 1,$iIndia$fAntonio Horta-Osório... [et al.]$gphot. Bruce White... [et al.]
210 #9 $a[S.l.]$cAntónio Horta Osório,$dcop. 2025
215 ## $a420, [4] p.$cil.$d31 cm
675 ## $a794.1.04(=1:540)"15/18"(083.82)$vBN$zpor$32000093
700 #1 $aOsório,$bAntónio Horta,$f1964-$31373731
702 #1 $aWhite,$bBruce$4600$31999909
801 #0 $aPT$bBN$gRPC
966 ## $lBN$mFGMON$pADLA$sB.A. 5743 A.$x3
971 ## $cabrito$d20260602
973 ## $cigoulao$d20260605
975 ## $e0$d20260615$viquintas

OpendataBNP@bnportugal.pt | Mais informação sobre acesso aos dados BNP